000 00290nam a22001337a 4500
008 180913b xxu||||| |||| 00| 0 eng d
020 _a9780538870115
041 _aeng
080 _24 ED
_a338.139
100 _a60
101 _aMAR
245 _aMarketing
_cLamb.CH.M
942 _2udc
_cBK
999 _c47739
_d47739